00502nam a2200145Ia 4500008004100000100003200041245011300073245003200186260005900218260000900277300001100286650001800297650001500315856002600330170221s9999 xx 000 0 und d aRubén Ramírez Sánchez 4aThe Complex Political Economy of Natural Capitalism: The Case of Whole Foods, Stonyfield Farms, and Walmart  cRubén Ramírez Sánchez bOnline Journal of Communication and Media Technologies c2013 a33 : 9 xCommunication xMedia Arts uhttp://www.ojcmt.net/